| 000 | 00546nam a22001577a 4500 | ||
|---|---|---|---|
| 999 |
_c534198 _d534198 |
||
| 020 | _qHard Cover. | ||
| 082 | _a620.44 | ||
| 100 | _aSohail, Shehzad | ||
| 245 |
_aComparison of Preparation Techniques of Cobalt Nano Ferrites and Their Characterization / _cShehzad Sohail. |
||
| 260 |
_aIslamabad: _bSCME - NUST, _c2012. |
||
| 300 |
_a56 p. : _bill. ; _c30cm. |
||
| 942 |
_2ddc _cTHE |
||
| 650 |
_aMaterial and Surface Engineering MS-Thesis. _916443 |
||
| 700 |
_aDr. Asghari Maqsood _928340 |
||